000 00365nam a22001577a 4500
003 OSt
008 231017b |||||||| |||| 00| 0 eng d
020 _a9789354660405
082 _a615.14 AGI
100 _aAGARWAL, GAURAV
245 _aINDUSTRIAL PHARMACY 1
260 _aNEW DELHI
_bCBS PUB
_c2023
300 _a286
700 _aKAUSHIK,ATUL
942 _2ddc
_cBK
999 _c12109
_d12109